• 首页
  • 本馆介绍
  • 公告通知
  • 最新文献
  • 馆藏检索
  • 电子资源
  • 读者导购
  • 参考咨询
  • 我的图书馆
  • 登录
  • 详细信息显示
  • 放入我的书架
  • 预约/预借图书
  • 作者相关作品
  • 分类相关作品
  • 丛书相关作品
  • 出版社相关作品

书目信息

  • 表格格式
  • 工作单格式
  • 卡片格式
题名:
唐山统计年鉴
    
 
作者: 王宝喜 主编 ;唐山市统计局 编
分册: 2005(总第14期)  
出版信息: 北京   中国统计出版社  2005
页数: 718页
开本: 30cm
丛书名:
单 册:
中图分类: C832.223-54 , C832.223-54
科图分类:
主题词: 统计资料 , 统计资料--唐山--2005--年鉴 , 统计资料--世界
电子资源:
ISBN: 7-5037-4708-0
000 01075nam0 2200313 450
001 1357328390
005 20130515155804.00
010    @a7-5037-4708-0@b精装@dCNY120.00
090    @aC83@bwbx
096    @aC83@bwbx
100    @a20060104d2005 emky0chiy50 ea
101 0  @achi
102    @aCN@b110000
105    @aak zi 000yy
106    @ar
200 1  @a唐山统计年鉴@h2005(总第14期)@b专著@f王宝喜主编@g唐山市统计局编@Atang shan tong ji nian jian
210    @a北京@c中国统计出版社@d2005
215    @a718页@c图@d30cm
304    @a英文共同题名:Tangshan statistical yearbook
330    @a本书全面反映2004年唐山国民经济和社会发展成就,收录了地区生产总值核算、工农业、人民生活等方面的统计资料。 
606 0  @a统计资料
606 0  @a统计资料@y唐山@z2005@j年鉴
606 0  @a统计资料@x世界
690    @aC832.223-54@v4
690    @aC832.223-54@v4
701  0 @a王宝喜@4主编@Awang bao xi
712 02 @a唐山市统计局@4编@Atang shan shi tong ji ju
801  0 @aCN@b大连网信软件有限公司图书馆·11@c20130515
905    @aZUCC@dC832.223-54@e52(2005)
    
    唐山统计年鉴.2005(总第14期)/王宝喜主编/唐山市统计局编.-北京:中国统计出版社,2005
    718页:图;30cm
    
    
    ISBN 7-5037-4708-0(精装):CNY120.00
    本书全面反映2004年唐山国民经济和社会发展成就,收录了地区生产总值核算、工农业、人民生活等方面的统计资料。
●
相关链接 在E读中查询图书 在五车中查询图书 在当当中查询图书 在豆瓣中查询图书


正题名:唐山统计年鉴     索取号:C832.223-54/52(2005)         预约/预借

序号 登录号 条形码 馆藏地/架位号 状态 备注
1 0625671   206256718   第一样本阅览室/ [索取号:C832.223-54/52(2005)] 在馆    
2 0625672   206256727   第一借阅区/ [索取号:C832.223-54/52(2005)] 在馆    
唐山师范学院图书馆 欢迎您!
大连网信软件有限公司© 版权所有